Columna Bertini

Bibliographic Details
Main Authors: Dostálková, Dana (Author), Doležel, Zdeněk, 1952- (Author), Ráčilová, Zdeňka (Author)
Format: Article
Language:Czech

MARC

LEADER 00000nab a2200000ua 4500
001 vtls010818208
003 SK-MaSNL
005 20260303115756.0
008 230127s2013 xo |||||||||||||||||cze|
035 |a (urnnbn)urn:nbn:sk:snk:ar-a05oii 
035 |a urn:nbn:sk:snk-ab5m66 
035 |a (uuid)969ae7f6-4bf6-4e9d-bbfe-29d2503edb46 
040 |a SNKBUCL  |b slo  |c SNKBUCL  |e AACR2 
041 0 |a cze 
044 |a xo  |c SK 
100 1 |a Dostálková, Dana  |4 aut  |9 224510 
245 1 0 |a Columna Bertini  |c Dana Dostálková, Zdeněk Doležel, Zdeňka Ráčilová 
700 1 |a Doležel, Zdeněk,  |d 1952-  |4 aut  |9 224509 
700 1 |a Ráčilová, Zdeňka  |4 aut  |9 1131600 
773 0 |t Pediatria pre prax  |g Roč. 14, č. 1 (2013), s. 42 
954 |a odborná, vedecká literatúra pôvodná (slovenská)  |2 lita 
954 |a odborná, vedecká literatúra cudzojazyčná (svetová)  |2 lita 
958 |a OND 
958 |a EUIPO 
958 |a article5 
999 |c 1906021  |d 1907951